| 000 | 00345nam a22001457a 4500 | ||
|---|---|---|---|
| 003 | NUST | ||
| 038 | _awaseem | ||
| 082 |
_a891.4304 _bTAQ |
||
| 245 | _aTahqeeqi Zaviay / | ||
| 260 |
_aIslamabad : _bAl-Khair University, _c2014. |
||
| 300 | _a228 p. ; | ||
| 500 | _aPaperback. | ||
| 880 |
_6245-02\r _a/تحقیقی زاویے |
||
| 942 |
_2ddc _cBK |
||
| 999 |
_c527588 _d527588 |
||